000 00556nam a2200193Ia 4500
999 _c14818
_d14818
003 OSt
005 20201021105604.0
008 190216s9999||||xx |||||||||||||| ||und||
020 _a0393977528
040 _coclc
082 _a821.83
_bREI/S
100 _a Reiman, Donald H
_95526
245 0 _aShelley`s Poetry And Prose /
_cDonald H Reiman ; Neil Fraistat
250 _a2nd Ed:
260 _bW.W.Norton & Company,
_c2007.
_aNew york:
300 _a786p
650 _aEnglish
942 _cBK
_2ddc
_h821.83
_iREI/S
_k821.83
_mREI/S